| 000 | 00963nam a2200265Ia 4500 | ||
|---|---|---|---|
| 003 | OSt | ||
| 005 | 20221005113240.0 | ||
| 006 | a|||||r|||| 00| 0 | ||
| 007 | ta | ||
| 008 | 221004b |||||||| |||| 00| 0 pan d | ||
| 020 |
_a9789387276710 (hbk) _cINR 175.00 |
||
| 024 | _a45023 | ||
| 037 |
_bSP/6265, 11/02/2019, Star Publications Pvt. Ltd. _cTextual |
||
| 040 |
_aCRL _cCRL _bpan |
||
| 041 |
_2pan _apan |
||
| 082 | _aO153,3NNAx, Q9 | ||
| 100 | _aਨਸਰਾਲੀ, ਬਲਜਿੰਦਰ, ਂਚ. | ||
| 245 | 0 | _aਡਾਕ॥ਾਨਾ ॥ਾਸ | |
| 260 |
_aਪਟਿਆਲਾ _bਗ੍ਰੈFਿਅਸ ਭਾਰਤ _c2019 |
||
| 300 |
_a121ਪ੍ਰ0 _ccm. |
||
| 650 | _a ਪੰਜਾਬੀ ਕਹਾਣੀ | ||
| 650 | _aਪੰਜਾਬੀ ਸਾਹਿਤ | ||
| 942 |
_hO153,3NNAx, Q9 _cTEXL _2cc |
||
| 999 |
_c1027549 _d1027549 |
||